Le bestiaire d'Andre Masson (1896-1987) : exposition du 6 avril au 5 septembre 2009, Musee de La Poste

Αποθηκεύτηκε σε:
Λεπτομέρειες βιβλιογραφικής εγγραφής
Κύριος συγγραφέας: Masson, André, 1896-1987
Συγγραφή απο Οργανισμό/Αρχή: Musee de la poste (France)
Μορφή: Βιβλίο
Γλώσσα:French
Δημοσίευση: Paris : Musee de La Poste, Beaux-arts de Paris, c2009
Θέματα:
Ετικέτες: Προσθήκη ετικέτας
Δεν υπάρχουν, Καταχωρήστε ετικέτα πρώτοι!

MARC

LEADER 00000cam a2200000 i 4500
001 1/25614
008 130207s2009 fre d
020 |a 978-2-84056-298-6 
035 |l 10113676 
040 |a GR-MY-UA  |b gre  |e aacr 
041 0 |a fre 
082 0 |a 700.92  |2 (22) 
100 1 |a Masson, André,   |d 1896-1987. 
245 1 3 |a Le bestiaire d'Andre Masson (1896-1987) :  |b exposition du 6 avril au 5 septembre 2009, Musee de La Poste /  |c Commissaire de l'exposition: Josette Rasle 
260 |a Paris :   |b Musee de La Poste,   |b Beaux-arts de Paris,   |c c2009 
300 |a 103 σ.;  |b έγχρ. εικ.;  |c 26 εκ. 
600 1 0 |a Masson, André,   |d 1896-1987  |x Exhibitions. 
650 0 0 |a Animals in art  |x Exhibitions. 
700 1 |a Rasle, Josette.  |4 oth 
710 2 |a Musee de la poste (France) 
852 |a INST  |b SYROS  |e 20130207  |h 700.92 MAS  |p 005500010534  |q 005500010534  |t BK  |y 0 
901 |a BIBL5-2013-1 
909 |a Ε  |b 174048 
970 |a ΚΟΝΤΟΥ  |b ΠΑΡΑΣΚΕΥΗ  |z 2013/02/07